00872njm a2200241Ia 450000100060000000300090000600500170001500800410003204000130007304000130008604100130009910000180011210000180013010000370014824500210018525000110020626000830021730000170030030000300031750001630034765000590051070000610056969199IT-RoPAU20220918181132.0131025s9999 xx 000 0 und d aIT-RoPAU cIT-RoPAU aITALIANO aLeydi Roberto eAutore musica gCodice autore musica SPICS: 4644 aCantastorie (04) a1a ed. bSENZA EDITRICE O NON IDENTIFICATAc1978 [1a Ed.:1978 - Ed. Lingua Orig.: 1978] aMUSICASSETTA c90 minuti (Testo: 0 pag.) aEtnomusicologia. Cantastorie nel passato: Broadside, Barun, Leutrun, Ebreo errante, Unfortunatle Rake. Assedio di Genova. Le complant de Michel Prinsi Raimund aETNOMUSICOLOGIA [CASSETTE]eCodice MATERIA SPICS: 9951 aLeydi RobertogCodice interprete SPICS: 4644eInterprete